<?xml version="1.0" encoding="UTF-8"?>
<record
    xmlns:xsi="http://www.w3.org/2001/XMLSchema-instance"
    xsi:schemaLocation="http://www.loc.gov/MARC21/slim http://www.loc.gov/standards/marcxml/schema/MARC21slim.xsd"
    xmlns="http://www.loc.gov/MARC21/slim">

  <leader>01200cam a2200229Ii 4500</leader>
  <datafield tag="020" ind1=" " ind2=" ">
    <subfield code="a">9780073516868</subfield>
  </datafield>
  <datafield tag="020" ind1=" " ind2=" ">
    <subfield code="a">0073516864</subfield>
  </datafield>
  <datafield tag="040" ind1=" " ind2=" ">
    <subfield code="c">DLC</subfield>
  </datafield>
  <datafield tag="082" ind1="0" ind2="4">
    <subfield code="a">004 OLE 2021 A035 Or.</subfield>
  </datafield>
  <datafield tag="100" ind1="1" ind2=" ">
    <subfield code="a">O'Leary, Timothy J.,</subfield>
  </datafield>
  <datafield tag="245" ind1="1" ind2="0">
    <subfield code="a">Computing essentials :</subfield>
    <subfield code="b">making IT work for you /</subfield>
  </datafield>
  <datafield tag="246" ind1="1" ind2="4">
    <subfield code="a">Computing essentials 2014</subfield>
  </datafield>
  <datafield tag="250" ind1=" " ind2=" ">
    <subfield code="a">Complete edition</subfield>
  </datafield>
  <datafield tag="300" ind1=" " ind2=" ">
    <subfield code="a">xxvii, 438 pages :</subfield>
    <subfield code="b">illustrations ;</subfield>
    <subfield code="c">28 cm</subfield>
  </datafield>
  <datafield tag="490" ind1="1" ind2=" ">
    <subfield code="a">The O'Leary series</subfield>
  </datafield>
  <datafield tag="500" ind1=" " ind2=" ">
    <subfield code="a">Includes index</subfield>
  </datafield>
  <datafield tag="520" ind1=" " ind2=" ">
    <subfield code="a">"Computing Essentials 2014 provides you with a complete learning solution focusing on the most important, essential, and current concepts of information technology. Students are given a streamlined, concise, relevant approach to the fundamental issues surrounding the world of computing through a balance between theory and applied learning of these important topics. Overall, all of the items featured with this text --including the end-of-chapter materials and the text Web sit-work together to help students truly understand the basics of computer concepts." --Publisher's website</subfield>
  </datafield>
  <datafield tag="650" ind1=" " ind2="0">
    <subfield code="a">Computers.</subfield>
  </datafield>
  <datafield tag="650" ind1=" " ind2="0">
    <subfield code="a">Electronic data processing.</subfield>
  </datafield>
  <datafield tag="700" ind1="1" ind2=" ">
    <subfield code="a">O'Leary, Linda I.,</subfield>
  </datafield>
  <datafield tag="942" ind1=" " ind2=" ">
    <subfield code="c">AEDBB</subfield>
  </datafield>
  <datafield tag="999" ind1=" " ind2=" ">
    <subfield code="c">20771</subfield>
    <subfield code="d">20771</subfield>
  </datafield>
  <datafield tag="952" ind1=" " ind2=" ">
    <subfield code="0">0</subfield>
    <subfield code="1">0</subfield>
    <subfield code="4">0</subfield>
    <subfield code="6">004_000000000000000_OLE_2021_A035_OR</subfield>
    <subfield code="7">0</subfield>
    <subfield code="9">92277</subfield>
    <subfield code="a">LBA</subfield>
    <subfield code="b">LBA</subfield>
    <subfield code="c">A035</subfield>
    <subfield code="d">2022-11-25</subfield>
    <subfield code="o">004 OLE 2021 A035 Or.</subfield>
    <subfield code="p">a069751</subfield>
    <subfield code="r">2022-11-25</subfield>
    <subfield code="y">AEDBB</subfield>
  </datafield>
</record>
